[Event "Noisiel op 9th"]
[Site "Noisiel"]
[Date "2024.04.09"]
[Round "6"]
[White "Sivuk, Vitaly"]
[Black "Villiers, Thomas"]
[Result "1-0"]
[WhiteElo "2551"]
[BlackElo "2225"]
[PlyCount "94"]
[EventDate "2024.04.06"]
[EventType "swiss"]
[EventRounds "9"]
[EventCountry "FRA"]
[SourceTitle "CB16_2024"]
[SourceDate "2024.04.17"]
[SourceVersion "1"]
[SourceVersionDate "2024.04.17"]
[SourceQuality "1"]

1. d4 Nf6 2. c4 a6 3. Nc3 b5 4. e4 b4 5. Nd5 Nxe4 6. Bf4 d6 7. Qf3 c6 8. Nxb4 Qa5 9. a3 f5 10. Bd3 g6 11. Ne2 Bg7 12. 0-0 0-0 13. Bxe4 fxe4 14. Qxe4 Qc7 15. c5 Bf5 16. Qe3 Qd7 17. Rad1 a5 18. Na2 Na6 19. Nac3 Rab8 20. Rd2 Nc7 21. Bh6 Be6 22. Bxg7 Kxg7 23. Nf4 Bc4 24. Re1 Qf5 25. Nfe2 Rbe8 26. Ng3 Qf7 27. Nge4 Nd5 28. Nxd5 Bxd5 29. Nc3 dxc5 30. dxc5 e5 31. Ne4 Re7 32. f3 Qf4 33. Nc3 Qc4 34. b3 Qh4 35. Nxd5 cxd5 36. Rxd5 e4 37. Qd4+ Kg8 38. Rxe4 Rxe4 39. Qxe4 Qf6 40. Qe5 Qh4 41. Rd7 Qh6 42. h3 g5 43. Rd5 g4 44. Qg5+ Qxg5 45. Rxg5+ Kf7 46. Rf5+ Ke6 47. Rxf8 Kd5 1-0

[Event "Noisiel op 9th"]
[Site "Noisiel"]
[Date "2024.04.07"]
[Round "2"]
[White "Sivuk, Vitaly"]
[Black "Daakshin, Arun"]
[Result "1-0"]
[WhiteElo "2551"]
[BlackElo "2281"]
[PlyCount "51"]
[EventDate "2024.04.06"]
[EventType "swiss"]
[EventRounds "9"]
[EventCountry "FRA"]
[SourceTitle "CB16_2024"]
[SourceDate "2024.04.17"]
[SourceVersion "1"]
[SourceVersionDate "2024.04.17"]
[SourceQuality "1"]

1. d4 Nf6 2. c4 g6 3. Nc3 Bg7 4. e4 d6 5. f4 0-0 6. Nf3 c5 7. d5 e6 8. Be2 exd5 9. cxd5 Re8 10. e5 dxe5 11. fxe5 Ng4 12. e6 fxe6 13. Bg5 Qb6 14. Qd2 Na6 15. h3 Ne5 16. d6 Bd7 17. 0-0 Nb4 18. Kh1 Nf7 19. Rad1 a6 20. Bc4 Nc6 21. Ne4 Qa5 22. Qf4 Qb4 23. Bf6 Bh6 24. Nfg5 Nxg5 25. Bc3 Rf8 26. Nf6+ 1-0

[Event "Basel Easter op"]
[Site "Basel"]
[Date "2024.03.30"]
[Round "5"]
[White "Peng, Li Min"]
[Black "Sivuk, Vitaly"]
[Result "1/2-1/2"]
[WhiteElo "2557"]
[BlackElo "2559"]
[PlyCount "27"]
[EventDate "2024.03.28"]
[EventType "swiss"]
[EventRounds "9"]
[EventCountry "SUI"]
[SourceTitle "CB14_2024"]
[SourceDate "2024.04.01"]
[SourceVersion "1"]
[SourceVersionDate "2024.04.01"]
[SourceQuality "1"]

1. e4 e5 2. Nf3 Nc6 3. Nc3 Nf6 4. d4 exd4 5. Nxd4 Bb4 6. Nxc6 bxc6 7. Bd3 0-0 8. 0-0 d5 9. exd5 cxd5 10. Bg5 Be6 11. Nb5 c5 12. a3 Ba5 13. b4 Bb6 14. bxc5 1/2-1/2

[Event "Basel Easter op"]
[Site "Basel"]
[Date "2024.03.30"]
[Round "4"]
[White "Sivuk, Vitaly"]
[Black "Joie, Sebastien"]
[Result "1-0"]
[WhiteElo "2559"]
[BlackElo "2385"]
[PlyCount "126"]
[EventDate "2024.03.28"]
[EventType "swiss"]
[EventRounds "9"]
[EventCountry "SUI"]
[SourceTitle "CB14_2024"]
[SourceDate "2024.04.01"]
[SourceVersion "1"]
[SourceVersionDate "2024.04.01"]
[SourceQuality "1"]

1. d4 d5 2. c4 c6 3. Nf3 Nf6 4. Nbd2 Bg4 5. Ne5 Be6 6. cxd5 Qxd5 7. e3 Nbd7 8. Nd3 Bf5 9. Nf4 Qa5 10. Qb3 e5 11. dxe5 Nxe5 12. Qxb7 Rd8 13. Qa6 Bb4 14. Qxa5 Bxa5 15. a3 g5 16. b4 gxf4 17. bxa5 fxe3 18. fxe3 0-0 19. Nf3 Rfe8 20. Nxe5 Rxe5 21. Be2 Bd3 22. Bxd3 Rxd3 23. Rb1 Rxa5 24. Rf1 Nd7 25. Ke2 Rd6 26. Bb2 f5 27. Rbd1 Rad5 28. Rxd5 Rxd5 29. Rc1 Rb5 30. Ba1 Rb3 31. Rxc6 Rxa3 32. Bd4 Kf7 33. Rh6 a5 34. Kf3 Ra2 35. h4 Nf8 36. Rf6+ Kg8 37. Rxf5 Ne6 38. Be5 a4 39. Rf6 Nc5 40. Rd6 a3 41. Rd8+ Kf7 42. Ra8 Ke6 43. Bd4 Nb3 44. Bg7 Nd2+ 45. Kf4 Nc4 46. g4 Rf2+ 47. Kg5 a2 48. Bd4 Rg2 49. Ra6+ Kd5 50. Ra7 Nd2 51. Kh5 Nb3 52. Bf6 Ke4 53. g5 Rh2 54. Rxh7 a1Q 55. Bxa1 Nxa1 56. g6 Nc2 57. Re7+ Kf5 58. Rf7+ Ke6 59. Rf8 Rg2 60. Kh6 Nxe3 61. h5 Nf5+ 62. Kh7 Rg5 63. h6 Ng3 1-0

[Event "Basel Easter op"]
[Site "Basel"]
[Date "2024.03.29"]
[Round "3"]
[White "Karacsonyi, Gellert"]
[Black "Sivuk, Vitaly"]
[Result "0-1"]
[WhiteElo "2386"]
[BlackElo "2559"]
[PlyCount "84"]
[EventDate "2024.03.28"]
[EventType "swiss"]
[EventRounds "9"]
[EventCountry "SUI"]
[SourceTitle "CB14_2024"]
[SourceDate "2024.04.01"]
[SourceVersion "1"]
[SourceVersionDate "2024.04.01"]
[SourceQuality "1"]

1. e4 c6 2. Nc3 d5 3. Nf3 Bg4 4. h3 Bxf3 5. Qxf3 Nf6 6. Be2 e6 7. d4 Bb4 8. e5 Nfd7 9. Bd2 Be7 10. Qg4 g6 11. Nd1 c5 12. c3 Nc6 13. a3 Qb6 14. dxc5 Nxc5 15. Be3 Nxe5 16. Qd4 f6 17. b4 Ncd7 18. Qxb6 Nxb6 19. Bb5+ Kf7 20. Bxb6 axb6 21. Kd2 g5 22. Nb2 Rhd8 23. Rhe1 h5 24. Kc2 Ng6 25. g3 Bd6 26. Be2 Rh8 27. Bd3 Ne5 28. Bf1 h4 29. f4 Ng6 30. f5 exf5 31. Bg2 hxg3 32. Bxd5+ Kg7 33. Nc4 Be5 34. Ne3 Ne7 35. Bxb7 Ra7 36. Bg2 Rc7 37. Nd1 Ng6 38. Re3 Nh4 39. Bd5 Rd8 40. Rd3 f4 41. a4 Rxd5 42. Rxd5 g2 0-1

[Event "Rochefort op 22nd"]
[Site "Rochefort"]
[Date "2024.02.20"]
[Round "6"]
[White "Sivuk, Vitaly"]
[Black "Larkin, Vladislav"]
[Result "1-0"]
[WhiteElo "2520"]
[BlackElo "2460"]
[PlyCount "91"]
[EventDate "2024.02.17"]
[EventType "swiss"]
[EventRounds "9"]
[EventCountry "FRA"]
[SourceTitle "CB09_2024"]
[SourceDate "2024.02.28"]
[SourceVersion "1"]
[SourceVersionDate "2024.02.28"]
[SourceQuality "1"]

1. d4 Nf6 2. c4 e6 3. Bg5 c5 4. d5 exd5 5. cxd5 d6 6. Nc3 Be7 7. Nf3 0-0 8. e3 Bg4 9. Be2 Bxf3 10. Bxf3 Nbd7 11. 0-0 Rb8 12. a4 a6 13. a5 Re8 14. Bf4 Bf8 15. Qc2 Qc7 16. h3 g6 17. Ra4 Ne5 18. Be2 Bg7 19. Bh2 Qe7 20. Rb1 Rbc8 21. Qd2 c4 22. Rb4 Qc7 23. Ra1 Nfd7 24. Ne4 h6 25. Raa4 f5 26. Bxe5 Nxe5 27. Nc3 Nd7 28. Rxc4 Nc5 29. Ra3 Qe7 30. g3 Nd7 31. Raa4 Nc5 32. Rab4 Rc7 33. Qc2 Rec8 34. Kg2 Qf7 35. h4 h5 36. Bf3 Nd7 37. Ne2 Ne5 38. Rxc7 Rxc7 39. Qb3 Kh7 40. Nf4 Nd7 41. Rxb7 Nc5 42. Rxc7 Qxc7 43. Qa3 Nb7 44. b4 Qc4 45. Qa4 Nc5 46. Qe8 1-0

[Event "Rochefort op 22nd"]
[Site "Rochefort"]
[Date "2024.02.17"]
[Round "1"]
[White "Darrigrand, Mathieu"]
[Black "Sivuk, Vitaly"]
[Result "0-1"]
[WhiteElo "2032"]
[BlackElo "2520"]
[PlyCount "62"]
[EventDate "2024.02.17"]
[EventType "swiss"]
[EventRounds "9"]
[EventCountry "FRA"]
[SourceTitle "CB09_2024"]
[SourceDate "2024.02.28"]
[SourceVersion "1"]
[SourceVersionDate "2024.02.28"]
[SourceQuality "1"]

1. d4 Nf6 2. c4 e6 3. Nc3 Bb4 4. f3 c5 5. d5 d6 6. e4 b5 7. Bd3 0-0 8. Nge2 bxc4 9. Bxc4 Nxd5 10. Bxd5 exd5 11. exd5 Ba6 12. 0-0 Bxc3 13. bxc3 Re8 14. Re1 Qe7 15. Kf2 Nd7 16. Bf4 Ne5 17. Bxe5 Qxe5 18. Qd2 Qxh2 19. Ng3 Qh4 20. Rxe8+ Rxe8 21. Re1 Rxe1 22. Qxe1 Bb5 23. Qb1 a6 24. Qf5 Kf8 25. Qc8+ Ke7 26. Qb7+ Bd7 27. Qxa6 f5 28. Qd3 f4 29. Qe4+ Kd8 30. Kg1 Qxg3 31. Qxh7 Qe1+ 0-1

[Event "Chessable Masters Play In"]
[Site "Chess.com INT"]
[Date "2024.01.31"]
[Round "6"]
[White "Sivuk, Vitaly"]
[Black "Vaibhav, Suri"]
[Result "0-1"]
[WhiteElo "2502"]
[BlackElo "2596"]
[PlyCount "124"]
[EventDate "2024.01.31"]
[EventType "swiss (rapid)"]
[EventRounds "9"]
[EventCountry "USA"]
[SourceTitle "CB06_2024"]
[SourceDate "2024.02.07"]
[SourceVersion "1"]
[SourceVersionDate "2024.02.07"]
[SourceQuality "1"]

1. d4 Nf6 2. c4 e6 3. Nf3 d5 4. Nc3 c5 5. cxd5 Nxd5 6. e3 Nc6 7. Bd3 Be7 8. 0-0 cxd4 9. exd4 0-0 10. a3 Bf6 11. Bc2 Nce7 12. h4 b6 13. Qd3 g6 14. Bh6 Bg7 15. Bxg7 Kxg7 16. Ne5 Bb7 17. Qg3 Nf6 18. Rad1 Rc8 19. Rfe1 Ned5 20. Bb1 Nh5 21. Qg4 f5 22. Qg5 Qxg5 23. hxg5 Nxc3 24. bxc3 Rxc3 25. Ba2 Nf4 26. Nd7 Rd8 27. Nf6 h6 28. d5 hxg5 29. dxe6 Rxd1 30. Ne8+ Kh6 31. Rxd1 Rxa3 32. Bc4 b5 33. Bxb5 Nxe6 34. Nd6 Ba8 35. g3 g4 36. Nf7+ Kg7 37. Ne5 Kf6 38. Nc4 Ra2 39. Ne3 Ng5 40. Bc6 Bxc6 41. Rd6+ Kg7 42. Rxc6 Nh3+ 43. Kf1 Nxf2 44. Nd5 Ne4 45. Nf4 g5 46. Ne6+ Kf7 47. Ke1 a5 48. Ra6 a4 49. Nd8+ Ke8 50. Ne6 Ke7 51. Nd4 Nxg3 52. Ra5 Kf6 53. Nb5 Ne4 54. Nc7 g3 55. Nd5+ Kg6 56. Kf1 f4 57. Ne7+ Kh5 58. Nf5 Kg4 59. Nd4 Nd2+ 60. Ke1 Nf3+ 61. Nxf3 Kxf3 62. Rxg5 g2 0-1

[Event "Tashkent Schev 01"]
[Site "Tashkent"]
[Date "2024.01.27"]
[Round "7.1"]
[White "Madaminov, Mukhiddin"]
[Black "Sivuk, Vitaly"]
[Result "1-0"]
[WhiteElo "2488"]
[BlackElo "2502"]
[PlyCount "257"]
[EventDate "2024.01.23"]
[EventType "schev"]
[EventRounds "10"]
[EventCountry "UZB"]
[SourceTitle "CB05_2024"]
[SourceDate "2024.01.31"]
[SourceVersion "1"]
[SourceVersionDate "2024.01.31"]
[SourceQuality "1"]
[WhiteTeam "Uzbekistan"]
[BlackTeam "World"]
[WhiteTeamCountry "UZB"]

1. e4 e5 2. Nf3 Nc6 3. Bb5 a6 4. Ba4 Nf6 5. 0-0 Be7 6. Re1 b5 7. Bb3 d6 8. c3 0-0 9. h3 Bb7 10. d4 Re8 11. Nbd2 Bf8 12. a3 h6 13. Bc2 Nb8 14. b4 Nbd7 15. Bb2 Nb6 16. dxe5 dxe5 17. c4 c5 18. cxb5 cxb4 19. bxa6 Rxa6 20. a4 Nbd7 21. Bd3 Rd6 22. Bb5 Bc6 23. Qe2 Qa8 24. Nc4 Rde6 25. Red1 Bc5 26. Nfd2 Ba7 27. Kh2 Nc5 28. Na5 Bd7 29. Nab3 Bxb5 30. axb5 Nfxe4 31. Nxc5 Nxc5 32. Qe3 Na4 33. Rxa4 Bxe3 34. Rxa8 Rxa8 35. fxe3 Rd8 36. b6 Rxb6 37. Bxe5 Rd3 38. Nc4 Rxd1 39. Nxb6 f6 40. Bd4 Kf7 41. Kg3 Rf1 42. Nd5 b3 43. Nb6 g5 44. Nc4 Rd1 45. Kf3 f5 46. Ke2 Rg1 47. Kf3 Rc1 48. Na5 Rb1 49. Nc4 Rd1 50. Ke2 Rg1 51. Kf3 g4+ 52. hxg4 fxg4+ 53. Kg3 h5 54. Nd2 Kg6 55. Nxb3 Kg5 56. Kf2 Rh1 57. Nd2 h4 58. e4 Kf4 59. Be3+ Ke5 60. Ba7 h3 61. gxh3 Rh2+ 62. Ke1 Rxh3 63. Bb8+ Kd4 64. Kf2 Kd3 65. Bf4 g3+ 66. Kf3 Rh2 67. e5 Kd4 68. Ne4 Kd5 69. Bxg3 Rb2 70. Nc3+ Ke6 71. Ne2 Ra2 72. Ke3 Ra4 73. Kf3 Ra2 74. Bf4 Ra4 75. Ke3 Ra2 76. Nd4+ Kd5 77. Nb5 Rc2 78. Kd3 Rc5 79. Nc3+ Ke6 80. Kd4 Ra5 81. Ke4 Ra1 82. Bg3 Kd7 83. Ne2 Ke6 84. Nd4+ Ke7 85. Bh4+ Kd7 86. e6+ Kd6 87. Bg3+ Ke7 88. Kf5 Ra5+ 89. Be5 Rc5 90. Ne2 Rc2 91. Nf4 Rf2 92. Bf6+ Kd6 93. Bg5 Rf1 94. Kf6 Re1 95. Kf7 Re4 96. e7 Kd7 97. Bf6 Re1 98. Nd3 Rxe7+ 99. Bxe7 Kc6 100. Ke6 Kc7 101. Kd5 Kb7 102. Kc5 Kc7 103. Ne5 Kb7 104. Bd8 Kc8 105. Bb6 Kb7 106. Kb5 Kc8 107. Kc6 Kb8 108. Nf7 Ka8 109. Nd6 Kb8 110. Nb5 Ka8 111. Nc7+ Kb8 112. Bc5 Kc8 113. Ba7 Kd8 114. Nd5 Ke8 115. Kd6 Kf7 116. Ne7 Kf6 117. Be3 Kf7 118. Bd4 Ke8 119. Ke6 Kd8 120. Bb6+ Ke8 121. Nf5 Kf8 122. Bc7 Ke8 123. Ng7+ Kf8 124. Kf6 Kg8 125. Kg6 Kf8 126. Bd6+ Kg8 127. Nf5 Kh8 128. Be7 Kg8 129. Nh6+ 1-0

[Event "Keres Memorial rap 33rd"]
[Site "Tallinn"]
[Date "2024.01.07"]
[Round "11"]
[White "Sivuk, Vitaly"]
[Black "Meskovs, Nikita"]
[Result "0-1"]
[WhiteElo "2502"]
[BlackElo "2532"]
[PlyCount "82"]
[EventDate "2024.01.06"]
[EventType "swiss (rapid)"]
[EventRounds "11"]
[EventCountry "EST"]
[SourceTitle "CB02_2024"]
[SourceDate "2024.01.10"]
[SourceVersion "1"]
[SourceVersionDate "2024.01.10"]
[SourceQuality "1"]

1. d4 Nf6 2. c4 e6 3. Nf3 a6 4. Nc3 d5 5. cxd5 exd5 6. Bg5 Be6 7. Bxf6 Qxf6 8. Qb3 Ra7 9. h4 h6 10. g3 Qd8 11. Bh3 Bxh3 12. Rxh3 c6 13. Kf1 Nd7 14. Re1 Be7 15. e4 dxe4 16. Nxe4 0-0 17. Neg5 hxg5 18. hxg5 Bxg5 19. Kg2 Bh6 20. g4 Nf6 21. g5 Bxg5 22. Nxg5 Qd5+ 23. Qxd5 Nxd5 24. Kf3 f6 25. Ne6 Re8 26. Rg3 b6 27. Re4 Ree7 28. Rg1 Rad7 29. Rge1 Kf7 30. a3 g5 31. Kg4 Rd6 32. Kf5 Rexe6 33. Rxe6 Rxe6 34. Rxe6 Ne7+ 35. Rxe7+ Kxe7 36. b3 a5 37. a4 b5 38. f3 bxa4 39. bxa4 Kf7 40. f4 gxf4 41. Kxf4 Ke6 0-1

[Event "Keres Memorial rap 33rd"]
[Site "Tallinn"]
[Date "2024.01.06"]
[Round "1"]
[White "Sivuk, Vitaly"]
[Black "Haapsal, Maria Ioanna"]
[Result "1-0"]
[WhiteElo "2502"]
[BlackElo "1628"]
[PlyCount "69"]
[EventDate "2024.01.06"]
[EventType "swiss (rapid)"]
[EventRounds "11"]
[EventCountry "EST"]
[SourceTitle "CB02_2024"]
[SourceDate "2024.01.10"]
[SourceVersion "1"]
[SourceVersionDate "2024.01.10"]
[SourceQuality "1"]

1. d4 d5 2. c4 e6 3. Nc3 Nf6 4. cxd5 exd5 5. Bg5 Nbd7 6. e3 Be7 7. Bd3 0-0 8. Qc2 b6 9. Nf3 Bb7 10. 0-0 Ne4 11. Bxe7 Qxe7 12. Rac1 c5 13. dxc5 Ndxc5 14. Ne2 Rac8 15. Ned4 Nxd3 16. Qxd3 Qb4 17. Qb3 Qxb3 18. Nxb3 Nc5 19. Nbd4 Nd3 20. Rb1 Ba6 21. Rfd1 Nc5 22. Ne5 Rc7 23. Rbc1 Rfc8 24. h3 f6 25. Nef3 Kf7 26. Rc3 Na4 27. Ra3 Nxb2 28. Rb1 Rc1+ 29. Rxc1 Rxc1+ 30. Kh2 Bc4 31. Rxa7+ Kg6 32. Nh4+ Kh5 33. Rxg7 Kxh4 34. Nf5+ Kh5 35. g4# 1-0

[Event "Keres Memorial rap 33rd"]
[Site "Tallinn"]
[Date "2024.01.06"]
[Round "3"]
[White "Sivuk, Vitaly"]
[Black "Rauk, Tonu"]
[Result "1-0"]
[WhiteElo "2502"]
[BlackElo "2121"]
[PlyCount "61"]
[EventDate "2024.01.06"]
[EventType "swiss (rapid)"]
[EventRounds "11"]
[EventCountry "EST"]
[SourceTitle "CB02_2024"]
[SourceDate "2024.01.10"]
[SourceVersion "1"]
[SourceVersionDate "2024.01.10"]
[SourceQuality "1"]

1. d4 Nf6 2. c4 e6 3. Nf3 b6 4. g3 Ba6 5. Qc2 Bb7 6. Bg2 Be7 7. Nc3 d5 8. cxd5 exd5 9. 0-0 0-0 10. Bf4 Na6 11. Rad1 Qc8 12. Nh4 g6 13. a3 Rd8 14. Nf3 c5 15. Bg5 Qe6 16. e3 Kg7 17. Rfe1 Rac8 18. Qa4 h6 19. Bf4 Ne4 20. Bf1 Nxc3 21. bxc3 c4 22. e4 Qc6 23. Qxc6 Bxc6 24. exd5 Bxd5 25. Rxe7 Bxf3 26. Rde1 Nb8 27. Bxb8 Rxb8 28. Bxc4 Rf8 29. R1e3 Bd1 30. Rxa7 Rbc8 31. Bd5 1-0

[Event "Keres Memorial rap 33rd"]
[Site "Tallinn"]
[Date "2024.01.06"]
[Round "7"]
[White "Sivuk, Vitaly"]
[Black "Shishkov, Andrei"]
[Result "1-0"]
[WhiteElo "2502"]
[BlackElo "2340"]
[PlyCount "61"]
[EventDate "2024.01.06"]
[EventType "swiss (rapid)"]
[EventRounds "11"]
[EventCountry "EST"]
[SourceTitle "CB02_2024"]
[SourceDate "2024.01.10"]
[SourceVersion "1"]
[SourceVersionDate "2024.01.10"]
[SourceQuality "1"]

1. d4 Nf6 2. c4 e6 3. Nf3 d5 4. Nc3 dxc4 5. Bg5 a6 6. a4 c5 7. e3 cxd4 8. exd4 Be7 9. Bxc4 0-0 10. 0-0 Nc6 11. Re1 Bd7 12. h4 Rc8 13. d5 exd5 14. Nxd5 Nxd5 15. Bxd5 Bxg5 16. Nxg5 h6 17. Nxf7 Rxf7 18. Bxf7+ Kxf7 19. Qd5+ Kg6 20. Rad1 Bf5 21. Re6+ Bxe6 22. Qxe6+ Kh7 23. Rxd8 Rxd8 24. Qf7 Rd1+ 25. Kh2 Rd4 26. Qxb7 Ne5 27. Qxa6 Rxh4+ 28. Kg1 Rd4 29. Qe2 Ng6 30. Qc2 h5 31. a5 1-0

[Event "Rilton Cup 51st"]
[Site "Stockholm"]
[Date "2024.01.02"]
[Round "6"]
[White "Sivuk, Vitaly"]
[Black "Jarmula, Lukasz"]
[Result "1-0"]
[WhiteElo "2490"]
[BlackElo "2425"]
[PlyCount "67"]
[EventDate "2023.12.27"]
[EventType "swiss"]
[EventRounds "9"]
[EventCountry "SWE"]
[SourceTitle "CB02_2024"]
[SourceDate "2024.01.10"]
[SourceVersion "1"]
[SourceVersionDate "2024.01.10"]
[SourceQuality "1"]

1. c4 e5 2. d3 Bb4+ 3. Nd2 f5 4. Ngf3 Nc6 5. e3 Nf6 6. Be2 0-0 7. 0-0 e4 8. dxe4 fxe4 9. Nxe4 d6 10. a3 Nxe4 11. Qd5+ Kh8 12. Qxe4 Bf5 13. Qh4 Bc5 14. b4 Bb6 15. Qxd8 Rfxd8 16. Bb2 a5 17. Bc3 Bg4 18. Rfd1 Rf8 19. h3 Bh5 20. Kf1 Rae8 21. Rac1 Bxf3 22. Bxf3 Ne5 23. bxa5 Bc5 24. Ke2 Bxa3 25. Rb1 Nxf3 26. gxf3 Rb8 27. Bd4 Bc5 28. Bxc5 dxc5 29. Rd7 Rfc8 30. Rg1 g6 31. Rb1 b6 32. axb6 cxb6 33. f4 Rc6 34. Ra1 1-0

[Event "Sitges Sunway op 10th"]
[Site "Sitges"]
[Date "2023.12.22"]
[Round "10"]
[White "Dhruva, Thota"]
[Black "Sivuk, Vitaly"]
[Result "1/2-1/2"]
[WhiteElo "2182"]
[BlackElo "2490"]
[PlyCount "57"]
[EventDate "2023.12.12"]
[EventType "swiss"]
[EventRounds "10"]
[EventCountry "ESP"]
[SourceTitle "CB52_2023"]
[SourceDate "2023.12.27"]
[SourceVersion "1"]
[SourceVersionDate "2023.12.27"]
[SourceQuality "1"]

1. e4 c6 2. d4 d5 3. e5 Bf5 4. Nf3 e6 5. Be2 Nd7 6. 0-0 Bg6 7. c3 Be7 8. Nbd2 Nh6 9. Ne1 f6 10. f4 Qc7 11. Ndf3 0-0 12. Kh1 c5 13. Be3 c4 14. exf6 Bxf6 15. Ne5 Be4 16. N1f3 Nf5 17. Bf2 b5 18. Nd2 Bxe5 19. fxe5 Nb6 20. Nxe4 dxe4 21. Bg4 Qc6 22. Qe2 Rf7 23. Rfe1 Nh6 24. Bh3 Nd5 25. Bg1 Nf4 26. Qxe4 Qxe4 27. Rxe4 Nxh3 28. gxh3 Nf5 29. Rf4 1/2-1/2

[Event "Sitges Sunway op 10th"]
[Site "Sitges"]
[Date "2023.12.19"]
[Round "7"]
[White "Sivuk, Vitaly"]
[Black "Laddha, Shubh Jayesh"]
[Result "1-0"]
[WhiteElo "2490"]
[BlackElo "2337"]
[PlyCount "99"]
[EventDate "2023.12.12"]
[EventType "swiss"]
[EventRounds "10"]
[EventCountry "ESP"]
[SourceTitle "CB52_2023"]
[SourceDate "2023.12.27"]
[SourceVersion "1"]
[SourceVersionDate "2023.12.27"]
[SourceQuality "1"]

1. d4 d5 2. c4 c6 3. cxd5 cxd5 4. Bf4 Nf6 5. e3 Nc6 6. Bd3 a6 7. h3 g6 8. Nc3 Bg7 9. Nf3 0-0 10. 0-0 Bf5 11. Bxf5 gxf5 12. Qb3 b5 13. a4 b4 14. Ne2 Qb6 15. Rfc1 e6 16. Qd3 Ne4 17. b3 Rfc8 18. Rc2 Bf8 19. Rac1 Bd6 20. Ne5 Ne7 21. f3 Bxe5 22. Bxe5 Nd6 23. Rc5 a5 24. Nf4 Ne8 25. Nh5 Rxc5 26. dxc5 Qa6 27. Qd2 Nc6 28. Bb2 Rd8 29. e4 dxe4 30. Qg5+ Kf8 31. Nf6 Nxf6 32. Bxf6 Rd3 33. fxe4 fxe4 34. Qg7+ Ke8 35. Qg8+ Kd7 36. Qxf7+ Kc8 37. Qxe6+ Kb7 38. Qxe4 Rd7 39. Rc4 Qa8 40. Rd4 Rxd4 41. Qxh7+ Ka6 42. Bxd4 Qd8 43. Bf2 Qd1+ 44. Kh2 Ne7 45. Qe4 Nd5 46. Qe6+ Kb7 47. Qd7+ Ka8 48. Qc8+ Ka7 49. c6+ Nb6 50. Qb7# 1-0

[Event "Sitges Sunway op 10th"]
[Site "Sitges"]
[Date "2023.12.15"]
[Round "4"]
[White "Sethuraman, SP."]
[Black "Sivuk, Vitaly"]
[Result "1-0"]
[WhiteElo "2582"]
[BlackElo "2490"]
[PlyCount "69"]
[EventDate "2023.12.12"]
[EventType "swiss"]
[EventRounds "10"]
[EventCountry "ESP"]
[SourceTitle "CB52_2023"]
[SourceDate "2023.12.27"]
[SourceVersion "1"]
[SourceVersionDate "2023.12.27"]
[SourceQuality "1"]

1. e4 e5 2. Nf3 Nc6 3. Bb5 a6 4. Ba4 Nf6 5. d3 b5 6. Bb3 Bc5 7. Bg5 d6 8. c3 h6 9. Bh4 Bb6 10. a4 Rb8 11. axb5 axb5 12. Na3 b4 13. Nc4 bxc3 14. bxc3 g5 15. Bg3 Bd7 16. h4 g4 17. Nfd2 h5 18. 0-0 Bc5 19. d4 exd4 20. e5 dxc3 21. exd6 cxd6 22. Bxd6 Bxd6 23. Nxd6+ Kf8 24. Nxf7 Qb6 25. Nxh8 cxd2 26. Qxd2 Qxb3 27. Qh6+ Kg8 28. Qxf6 Qe6 29. Qxe6+ Bxe6 30. Ng6 Bf7 31. Ra6 Nd4 32. Ne5 Be8 33. Rd1 Rd8 34. Kh1 Rd5 35. Nc6 1-0

[Event "Sitges Sunway op 10th"]
[Site "Sitges"]
[Date "2023.12.13"]
[Round "2"]
[White "Hernando Rodrigo, Julio Antonio"]
[Black "Sivuk, Vitaly"]
[Result "0-1"]
[WhiteElo "2213"]
[BlackElo "2490"]
[PlyCount "122"]
[EventDate "2023.12.12"]
[EventType "swiss"]
[EventRounds "10"]
[EventCountry "ESP"]
[SourceTitle "CB52_2023"]
[SourceDate "2023.12.27"]
[SourceVersion "1"]
[SourceVersionDate "2023.12.27"]
[SourceQuality "1"]

1. d4 Nf6 2. c4 e6 3. Nf3 d5 4. g3 Bb4+ 5. Bd2 Be7 6. Bg2 0-0 7. 0-0 c6 8. Bc3 a5 9. b3 b5 10. Nbd2 Ba6 11. Ne5 Nfd7 12. Nd3 Ra7 13. cxb5 Bxb5 14. Nf3 Na6 15. Qd2 Bxd3 16. Qxd3 Ba3 17. e4 Qb6 18. Rfd1 Rc8 19. Ne5 Nf6 20. Qe2 Nb4 21. Bxb4 Qxb4 22. Rab1 Rac7 23. Qe3 h6 24. h3 Qb6 25. Nc4 dxc4 26. bxc4 Bb4 27. a3 c5 28. axb4 cxb4 29. e5 Ne8 30. c5 Qb8 31. Qb3 Ra7 32. d5 exd5 33. Rxd5 Re7 34. Qa4 Nc7 35. Rd7 Rxd7 36. Qxd7 Ne6 37. c6 Rd8 38. Qb7 Qxe5 39. Rc1 Qb2 40. Re1 Qc3 41. Re3 Qc5 42. Qa6 Rb8 43. Re1 b3 44. Be4 b2 45. Bb1 g6 46. h4 h5 47. Rxe6 fxe6 48. Qd3 Qf5 49. Qd1 Qf7 50. Qd6 Rf8 51. Qc5 a4 52. f4 Rc8 53. Kh2 Qf6 54. Qd6 Rd8 55. Qc5 Kg7 56. Qa7+ Qf7 57. Qxa4 Rd2+ 58. Kh3 e5 59. Qa5 Qd5 60. Qxd5 Rxd5 61. Be4 Rc5 0-1

[Event "Leuven op 34th"]
[Site "Leuven"]
[Date "2023.11.11"]
[Round "5"]
[White "Peng, Li Min"]
[Black "Sivuk, Vitaly"]
[Result "1/2-1/2"]
[WhiteElo "2566"]
[BlackElo "2471"]
[PlyCount "32"]
[EventDate "2023.11.09"]
[EventType "swiss"]
[EventRounds "7"]
[EventCountry "BEL"]
[SourceTitle "CB46_2023"]
[SourceDate "2023.11.15"]
[SourceVersion "1"]
[SourceVersionDate "2023.11.15"]
[SourceQuality "1"]

1. e4 e5 2. Nf3 Nc6 3. Nc3 Nf6 4. h3 d5 5. exd5 Nxd5 6. Bb5 Nxc3 7. bxc3 Bd6 8. 0-0 0-0 9. Re1 Re8 10. d4 exd4 11. Rxe8+ Qxe8 12. cxd4 Bd7 13. Rb1 b6 14. Rb3 Ne7 15. Bxd7 Qxd7 16. c4 Ng6 1/2-1/2